| 000 | 01272nas a2200313 4500 | ||
|---|---|---|---|
| 001 | BR2011008102 | ||
| 003 | BR-BrBNA | ||
| 005 | 20231205115836.0 | ||
| 007 | ta | ||
| 008 | 230509b bl.|||p| |||| 00| 00por d | ||
| 040 |
_aBR-BrBNA _bpor _cBiblioteca Nacional de Agricultura |
||
| 041 | _a(Pt) | ||
| 072 | _aL70 | ||
| 100 | 1 | _aMartins, B. de C. | |
| 100 | 1 | _aTorres, B.B.J. | |
| 100 | 1 | _aMartins, G. de C. | |
| 100 | 1 | _aMelo, E.G. de | |
| 111 | 1 |
_aCongresso Medvep de Especialidades Veterinárias 2011 _cCuritiba, PR (Brazil) _d27-30 Jul 2011 |
|
| 245 | 1 | _aAvaliação da capacidade motora em campo aberto de ratos submetidos a trauma medular agudo e tratados com a associação de riluzol e dantrolene | |
| 246 | 1 | _aEvaluation of the motor capacity of rats, in a open field, submited to acute spinal cord trauma and treated with the association of riluzole and dantrolene | |
| 650 | _aRATO | ||
| 650 | _aMEDULA ESPINAL | ||
| 650 | _aFRATURA | ||
| 650 | _aTRATAMENTO | ||
| 650 | _aVETERINÁRIA | ||
| 773 | 0 |
_tMEDVEP. Revista Científica de Medicina Veterinária. Pequenos Animais e Animais de Estimação (Brazil) _xISSN 1678-1430 _g(Aug-Oct 2011), v. 9(30) p. 496-499 _wBR2011008102 |
|
| 909 |
_a202311 _bLúcia _c55 _dLúcia Elande |
||
| 942 |
_2AGRIS _n0 _cANA |
||
| 999 |
_c215970 _d215970 |
||